<?xml version="1.0" encoding="UTF-8"?>
<record
    xmlns:xsi="http://www.w3.org/2001/XMLSchema-instance"
    xsi:schemaLocation="http://www.loc.gov/MARC21/slim http://www.loc.gov/standards/marcxml/schema/MARC21slim.xsd"
    xmlns="http://www.loc.gov/MARC21/slim">

  <leader>01953nab a2200241uuc4500</leader>
  <controlfield tag="001">1280463</controlfield>
  <controlfield tag="005">20240215144342.0</controlfield>
  <controlfield tag="008">120425e20050605                    spa  </controlfield>
  <datafield tag="035" ind1=" " ind2=" ">
    <subfield code="a">1280463</subfield>
  </datafield>
  <datafield tag="035" ind1=" " ind2=" ">
    <subfield code="a">(OCoLC)820637147</subfield>
  </datafield>
  <datafield tag="040" ind1=" " ind2=" ">
    <subfield code="c">comduadb</subfield>
  </datafield>
  <datafield tag="041" ind1=" " ind2=" ">
    <subfield code="a">spa</subfield>
  </datafield>
  <datafield tag="100" ind1="1" ind2="0">
    <subfield code="a">Estrada Villa, Armando,</subfield>
    <subfield code="d">1942-</subfield>
    <subfield code="4">aut</subfield>
    <subfield code="0">(isni)0000 0000 3408 0505</subfield>
    <subfield code="0">(viaf)63323194</subfield>
    <subfield code="e">aut</subfield>
    <subfield code="9">258950</subfield>
  </datafield>
  <datafield tag="245" ind1="1" ind2="0">
    <subfield code="a">Heidegger y su concepto de mundo</subfield>
  </datafield>
  <datafield tag="520" ind1="3" ind2=" ">
    <subfield code="a">RESUMEN : Este art&#xED;culo tiene el prop&#xF3;sito de reflexionar sobre los conceptos de Dasein, tiempo y mundo en la construcci&#xF3;n filos&#xF3;fica de Mart&#xED;n Heidegger. Para ello, el autor propone considerar que Dasein es el mismo ser humano que pregunta y responde por el ser, que puede transformarse y desplegar todas sus posibilidades y que debe estar abierto a s&#xED; mismo, al mundo y a los dem&#xE1;s. Al tiempo lo mira como un elemento integrante de la existencia humana, en el que se producen los acontecimientos y constituye horizonte para toda la comprensi&#xF3;n del ser, y que puede estudiarse como tiempo de la vida cotidiana, de la naturaleza y del mundo. En tanto que al mundo lo entiende como aquello que preexiste al ser, de lo que somos inseparables y que de alguna manera determina nuestra existencia porque estamos inmersos en su din&#xE1;mica y en sus problemas.  Este escrito concluye que el enfoque de Heidegger es sobre la existencia humana y que con base en estos conceptos ofrece una mirada pr&#xE1;ctica que lleva al hombre a la autorreflexi&#xF3;n, a la autocomprensi&#xF3;n, lo que le permite construir su proyecto de vida y alcanzar la autenticidad.</subfield>
  </datafield>
  <datafield tag="650" ind1=" " ind2=" ">
    <subfield code="a">Heidegger, Martin, 1889-1976 - Cr&#xED;tica e interpretaci&#xF3;n</subfield>
    <subfield code="9">72536</subfield>
  </datafield>
  <datafield tag="650" ind1=" " ind2=" ">
    <subfield code="a">Mundo en Heidegger</subfield>
    <subfield code="9">198830</subfield>
  </datafield>
  <datafield tag="650" ind1=" " ind2=" ">
    <subfield code="a">Dasein</subfield>
    <subfield code="9">24221</subfield>
  </datafield>
  <datafield tag="650" ind1=" " ind2=" ">
    <subfield code="a">Tiempo en Heidegger</subfield>
    <subfield code="9">91860</subfield>
  </datafield>
  <datafield tag="650" ind1=" " ind2=" ">
    <subfield code="a">Vida (Filosofia)</subfield>
    <subfield code="9">168981</subfield>
  </datafield>
  <datafield tag="773" ind1="0" ind2=" ">
    <subfield code="t">Ratio Juris (Medell&#xED;n)</subfield>
    <subfield code="g">N&#xFA;mero 03, Junio 2005-Junio 2006, p. 123-134</subfield>
    <subfield code="w">1280164</subfield>
    <subfield code="x">1794-6638</subfield>
    <subfield code="0">606707</subfield>
  </datafield>
  <datafield tag="942" ind1=" " ind2=" ">
    <subfield code="c">ARIMP</subfield>
  </datafield>
  <datafield tag="999" ind1=" " ind2=" ">
    <subfield code="c">606576</subfield>
    <subfield code="d">606576</subfield>
  </datafield>
</record>
